Statistics for Guess the 1970s song lyrics #241

Click here to take the quiz!

General Stats

  • This quiz has been taken 10 times
  • The average score is 128 of 203

Answer Stats

Answer% Correct
a
100%
do
100%
I
100%
to
100%
you
100%
You
100%
love
90%
Love
90%
My
90%
my
90%
the
90%
When
90%
for
80%
me
80%
what
80%
all
70%
always
70%
At
70%
But
70%
down
70%
if
70%
In
70%
in
70%
Like
70%
not
70%
Not
70%
of
70%
on
70%
then
70%
there
70%
was
70%
It's
60%
Than
60%
were
60%
did
50%
give
50%
her
50%
let
50%
only
50%
With
50%
boy
40%
didn't
40%
girl
40%
had
40%
loves
40%
thing
40%
world
40%
care
30%
Cause
30%
First
30%
hand
30%
Made
30%
Many
30%
mistake
30%
Tell
30%
through
30%
darling
20%
grains
20%
palm
20%
put
20%
sand
20%
very
20%
beginning
10%
broke
10%
call
10%
cold
10%
dearly
10%
face
10%
friends
10%
front
10%
hard
10%
own
10%
paid
10%
reflection
10%
Since
10%
slip
10%
smile
10%
sweet
10%
sweeter
10%
taste
10%
tears
10%
tenderness
10%
track
10%
weak
10%
skin
0%

Score Distribution

Percentile by Number Answered

Percent of People with Each Score

Your Score History

You have not taken this quiz